[Event "Mittelfränkischer Schachkongress 2016"]
[Site "Nürnberg"]
[Date "2016.03.23"]
[Round "1.7"]
[White "Friedrich, Michael"]
[Black "Rummel, Gerald"]
[Result "0-1"]
[WhiteElo "1515"]
[BlackElo "1740"]
[PlyCount "82"]
[EventDate "2016.??.??"]
[WhiteTeam "SC Erlangen"]
[BlackTeam "SC Anderssen"]

1. e4 e6 2. d4 d5 3. e5 c5 4. c3 Nc6 5. Nf3 Qb6 6. Bd3 cxd4 7. cxd4 Bd7 8. O-O
Nxd4 9. Nxd4 Qxd4 10. Nc3 a6 11. Re1 Qb6 12. Be3 Bc5 13. Na4 Bxa4 14. Qxa4+ Kf8
15. Bxc5+ Qxc5 16. Rac1 Qb6 17. Qa3+ Ne7 18. Rc5 Ke8 19. Bb5+ Kd8 20. Rec1 Rc8
21. Rxc8+ Nxc8 22. Ba4 Qd4 23. Bb3 Qxe5 24. Qc5 Kd7 25. Ba4+ b5 26. Bb3 Qd6 27.
Qd4 f6 28. Re1 Nb6 29. Qg4 Qe7 30. Rd1 Kc6 31. Rc1+ Kb7 32. Qe2 Rc8 33. Rd1 Rd8
34. Qd3 g6 35. h3 e5 36. Qf3 e4 37. Qe3 Qe5 38. f3 f5 39. Rd4 f4 40. Qd2 e3 41.
Re4 Qxe4 0-1

[Event "Mittelfränkischer Schachkongress 2016"]
[Site "Nürnberg"]
[Date "2016.03.23"]
[Round "1.8"]
[White "Pechan, Willi"]
[Black "Homfeldt, Claudia Laura"]
[Result "1-0"]
[WhiteElo "1737"]
[BlackElo "1549"]
[PlyCount "81"]
[EventDate "2016.??.??"]
[WhiteTeam "SK Schwabach"]
[BlackTeam "SC Noris-Tarrasch Nürnberg"]

1. e4 c5 2. c3 Nc6 3. d4 e6 4. Nf3 d6 5. Bb5 Bd7 6. O-O Be7 7. Re1 a6 8. Bxc6
Bxc6 9. d5 Bd7 10. c4 Nf6 11. Nc3 O-O 12. e5 Ng4 13. h3 Nxe5 14. Nxe5 dxe5 15.
Rxe5 Bf6 16. Re3 Bxc3 17. Rxc3 Bc6 18. Rd3 exd5 19. cxd5 c4 20. Rd4 Bb5 21. a4
Bd7 22. Rxc4 b5 23. axb5 axb5 24. Rxa8 Qxa8 25. Rc7 Rd8 26. Qf3 Qa5 27. Bf4 g5
28. Qg3 h6 29. Bxg5 hxg5 30. Qxg5+ Kh7 31. Qxd8 Qe1+ 32. Kh2 Qe5+ 33. g3 Be8
34. Re7 Qf6 35. Kg2 Bc6 36. dxc6 Qxc6+ 37. Kh2 Qf3 38. Qd4 Qb3 39. Qf6 Kg8 40.
Re8+ Kh7 41. Rh8# 1-0

[Event "Mittelfränkischer Schachkongress 2016"]
[Site "Nürnberg"]
[Date "2016.03.23"]
[Round "1.9"]
[White "Dreiseitel, Ursula"]
[Black "Babichev, Vyacheslav"]
[Result "0-1"]
[WhiteElo "1487"]
[BlackElo "1818"]
[PlyCount "66"]
[EventDate "2016.??.??"]
[WhiteTeam "SGem Fürth"]
[BlackTeam "SW Nürnberg Süd"]

1. d4 e6 2. Nf3 Nf6 3. Bf4 Be7 4. e3 O-O 5. c4 Nh5 6. Bg3 Nxg3 7. hxg3 f5 8.
Nc3 c6 9. d5 Qc7 10. dxe6 dxe6 11. Qc2 Rd8 12. Bd3 Nd7 13. O-O-O Nc5 14. Be2
Rxd1+ 15. Bxd1 Bf6 16. e4 Bxc3 17. Qxc3 Nxe4 18. Qc2 Bd7 19. g4 Qf4+ 20. Kb1
Qxg4 21. Nh4 Qg5 22. g3 Be8 23. Nf3 Qf6 24. Nh4 Rd8 25. Bf3 Rd2 26. Qb3 Nc5 27.
Qb4 Qd4 28. Rc1 g5 29. Ng2 g4 30. Ne1 b6 31. Nc2 Qxf2 32. Bh1 Kf7 33. a4 Nd3
0-1

[Event "Mittelfränkischer Schachkongress 2016"]
[Site "Nürnberg"]
[Date "2016.03.23"]
[Round "1.10"]
[White "Faralisz, Patrick"]
[Black "Chowdhury, Sandip"]
[Result "1-0"]
[WhiteElo "1675"]
[BlackElo "1593"]
[PlyCount "173"]
[EventDate "2016.??.??"]
[WhiteTeam "SC Noris-Tarrasch Nürnberg"]
[BlackTeam "SC Noris-Tarrasch Nürnberg"]

1. e4 c5 2. Nf3 g6 3. c3 Bg7 4. d4 cxd4 5. cxd4 d5 6. e5 Bg4 7. Be2 e6 8. Nc3
a6 9. Bg5 Qb6 10. Qa4+ Nc6 11. Nb5 Bxf3 12. Nd6+ Kf8 13. Bxf3 Qxb2 14. Rd1 Qc3+
15. Kf1 b5 16. Nxb5 Qb4 17. Qxb4+ Nxb4 18. Bd2 axb5 19. Bxb4+ Ke8 20. a3 Bh6
21. Be2 Rb8 22. Bd6 Rb7 23. Rb1 Ne7 24. Rxb5 Rxb5 25. Bxb5+ Kd8 26. Ke2 Nf5 27.
Bc5 Bf8 28. Kd3 Bxc5 29. dxc5 Kc7 30. h4 Nh6 31. f3 Rf8 32. h5 g5 33. Re1 Nf5
34. Kc3 Ng3 35. h6 Nf5 36. Kb4 Nxh6 37. Rh1 Nf5 38. Rxh7 Nh4 39. Rg7 Ng6 40. a4
Nxe5 41. Rxg5 Nc6+ 42. Kc3 Na5 43. Rg7 Nc6 44. f4 Na5 45. g3 Nc6 46. g4 Nd8 47.
g5 Kb8 48. Kd4 Rh8 49. Ke5 Rf8 50. Kd6 Nb7+ 51. Ke7 Rc8 52. Rxf7 Nxc5 53. Rf8
Rxf8 54. Kxf8 Ne4 55. g6 Nf6 56. Kf7 Nh5 57. Kxe6 Nxf4+ 58. Kf7 Nxg6 59. Kxg6
Kc7 60. Kf5 Kd6 61. Kf4 Kc5 62. Ke3 Kb4 63. Kd4 Ka5 64. Kxd5 Kb6 65. Kc4 Ka5
66. Kb3 Kb6 67. Kb4 Ka7 68. Bc6 Ka6 69. a5 Ka7 70. Kb5 Kb8 71. Kb6 Kc8 72. a6
Kd8 73. a7 Ke7 74. a8=Q Kf6 75. Qe8 Kf5 76. Qe7 Kf4 77. Qe4+ Kg3 78. Qf3+ Kh4
79. Qg2 Kh5 80. Qg3 Kh6 81. Qg4 Kh7 82. Qg5 Kh8 83. Kc7 Kh7 84. Kd7 Kh8 85. Ke7
Kh7 86. Kf7 Kh8 87. Qg7# 1-0

[Event "Mittelfränkischer Schachkongress 2016"]
[Site "Nürnberg"]
[Date "2016.03.23"]
[Round "1.11"]
[White "Hauck, Martin"]
[Black "Burger, Thomas"]
[Result "0-1"]
[WhiteElo "1087"]
[BlackElo "1814"]
[PlyCount "78"]
[EventDate "2016.??.??"]
[WhiteTeam "SC Noris-Tarrasch Nürnberg"]
[BlackTeam "Wolframs-Eschenbach"]

1. e4 c5 2. Nf3 d6 3. Nc3 Nc6 4. Be2 g6 5. Nd5 e6 6. Ne3 Bg7 7. c3 Nf6 8. d3
O-O 9. Bd2 a6 10. O-O b5 11. Qc2 Bb7 12. a4 b4 13. c4 a5 14. Nh4 Nd4 15. Qd1
Nxe4 16. dxe4 Qxh4 17. Bd3 Qe7 18. Rb1 Rad8 19. b3 Rd7 20. f4 f5 21. exf5 Nxf5
22. Nc2 d5 23. Qe2 Nd4 24. Nxd4 Bxd4+ 25. Be3 Bxe3+ 26. Qxe3 d4 27. Qg3 Qd6 28.
Rf2 Re7 29. Rbf1 Kg7 30. h4 Bc6 31. h5 Be8 32. hxg6 Bxg6 33. Qg5 Rf6 34. Bxg6
Rxg6 35. Qe5+ Qxe5 36. fxe5 Rg3 37. Kh2 Rxb3 38. Rf4 h6 39. Rg4+ Kh7 0-1

[Event "Mittelfränkischer Schachkongress 2016"]
[Site "Nürnberg"]
[Date "2016.03.23"]
[Round "1.12"]
[White "Diebel, Günter"]
[Black "Homfeldt, Maren"]
[Result "1-0"]
[WhiteElo "1819"]
[BlackElo "1306"]
[PlyCount "71"]
[EventDate "2016.??.??"]
[WhiteTeam "SW Nürnberg Süd"]
[BlackTeam "SC Noris-Tarrasch Nürnberg"]

1. e4 b6 2. d4 Bb7 3. Nc3 d6 4. Bd3 e6 5. Nf3 a6 6. Be3 h6 7. Qd2 Nd7 8. h3 Ne7
9. g4 g6 10. Rg1 Bg7 11. Nh4 Nf8 12. f4 Qd7 13. Qe2 d5 14. e5 Nc6 15. f5 gxf5
16. gxf5 Rg8 17. f6 Bh8 18. Rxg8 Nb4 19. Rxh8 Nxd3+ 20. Qxd3 O-O-O 21. Bxh6 Ng6
22. Rxd8+ Qxd8 23. Nxg6 fxg6 24. Qxg6 Kb8 25. f7 Qc8 26. f8=Q b5 27. Qxe6 b4
28. Nxd5 b3 29. Qexc8+ Bxc8 30. Qxc8+ Kxc8 31. axb3 Kb7 32. Nxc7 Kxc7 33. Rxa6
Kb7 34. Rg6 Kc7 35. d5 Kd7 36. c4 1-0

[Event "Mittelfränkischer Schachkongress 2016"]
[Site "Nürnberg"]
[Date "2016.03.23"]
[Round "1.13"]
[White "Nam, Siwon"]
[Black "Petrashov, Alexander"]
[Result "0-1"]
[WhiteElo "964"]
[BlackElo "1727"]
[PlyCount "77"]
[EventDate "2016.??.??"]
[WhiteTeam "SC Noris-Tarrasch Nürnberg"]
[BlackTeam "SC Noris-Tarrasch Nürnberg"]

1. e4 e6 2. Nc3 d5 3. Nf3 c5 4. Bb5+ Nc6 5. d4 dxe4 6. Nxe4 Bd7 7. dxc5 Qa5+ 8.
Nc3 Bxc5 9. O-O Nf6 10. Be3 Bb4 11. Bxc6 Bxc6 12. Bd4 Rd8 13. Qe2 Bxf3 14. Qxf3
Rxd4 15. Rfd1 Bxc3 16. Rxd4 Bxd4 17. Qxb7 O-O 18. Rd1 Qb6 19. Qf3 Qxb2 20. Rd2
e5 21. Qe2 h6 22. c3 Qxc3 23. Rc2 Qa1+ 24. Qf1 Rb8 25. Qxa1 Bxa1 26. Rc1 Bd4
27. g3 Rb2 28. Rf1 Rxf2 29. Rxf2 Ne4 30. Kg2 Bxf2 31. a4 Bb6 32. Kf3 f5 33. g4
g6 34. h3 Kf7 35. h4 Nc3 36. gxf5 gxf5 37. h5 e4+ 38. Kf4 Kf6 39. a5 0-1

[Event "Mittelfränkischer Schachkongress 2016"]
[Site "Nürnberg"]
[Date "2016.03.23"]
[Round "2.1"]
[White "Konsek, Peter"]
[Black "Pechan, Willi"]
[Result "1-0"]
[WhiteElo "2085"]
[BlackElo "1737"]
[PlyCount "51"]
[EventDate "2016.??.??"]
[WhiteTeam "SW Nürnberg Süd"]
[BlackTeam "SK Schwabach"]

1. e4 e5 2. f4 d6 3. Nf3 Bg4 4. Bc4 Bxf3 5. Qxf3 Nc6 6. d3 Nf6 7. c3 Be7 8. O-O
O-O 9. a3 Qd7 10. f5 a6 11. g4 d5 12. exd5 Bc5+ 13. Kh1 Ne7 14. g5 Ne8 15. f6
Ng6 16. b4 Ba7 17. Ra2 Nd6 18. fxg7 Kxg7 19. Bb3 Rae8 20. Nd2 Nh4 21. Qg3 Ng6
22. Ne4 Re7 23. Nf6 Qc8 24. Qf3 b5 25. Qh5 Rh8 26. Qh6# 1-0

[Event "Mittelfränkischer Schachkongress 2016"]
[Site "Nürnberg"]
[Date "2016.03.23"]
[Round "2.2"]
[White "Babichev, Vyacheslav"]
[Black "Diller, Peter"]
[Result "1-0"]
[WhiteElo "1818"]
[BlackElo "1999"]
[PlyCount "173"]
[EventDate "2016.??.??"]
[WhiteTeam "SW Nürnberg Süd"]
[BlackTeam "SK Rothenburg"]

1. e4 e6 2. d4 d5 3. e5 c5 4. c3 Nc6 5. Bb5 Bd7 6. Ba4 Qa5 7. Bxc6 Bxc6 8. Ne2
Ne7 9. O-O Ng6 10. Bd2 Be7 11. dxc5 Nxe5 12. b4 Qd8 13. Nd4 O-O 14. Bf4 Ng6 15.
Nxc6 bxc6 16. Bg3 Bf6 17. a3 Re8 18. Ra2 Qd7 19. c4 Be5 20. f4 Bf6 21. Re1 Ne7
22. Rd2 Qb7 23. cxd5 Nxd5 24. Rd3 Qb5 25. Re4 a5 26. a4 Qb7 27. bxa5 Rxa5 28.
Rb3 Qa7 29. Bf2 Rxa4 30. Rxa4 Qxa4 31. g3 h6 32. Qd3 Rd8 33. Ra3 Qb4 34. Rb3
Qa5 35. Ra3 Qc7 36. Qc2 Nb4 37. Qe2 Qd7 38. Nc3 Qd3 39. Qxd3 Rxd3 40. Ra8+ Kh7
41. Ne4 Bd4 42. Bxd4 Rxd4 43. Nd6 Nd3 44. Nxf7 Rd7 45. Nd8 Nxc5 46. Nxc6 Rc7
47. Ne5 Nd7 48. Nd3 Rc3 49. Nf2 Nf6 50. Ra5 Kg6 51. Ra6 Kf5 52. Ra5+ Nd5 53.
Ra7 Ne3 54. Ra5+ Kg6 55. Ra1 Rb3 56. Re1 Kf5 57. Rc1 Ra3 58. Rc5+ Kg6 59. Ne4
Ra2 60. h4 Nf5 61. Re5 Kf7 62. h5 Re2 63. Nd6+ Nxd6 64. Rxe2 Kf6 65. g4 Nc4 66.
Kf2 e5 67. f5 Kg5 68. Kg3 Kf6 69. Rc2 Nd6 70. Kf3 Ke7 71. Rc7+ Kf6 72. Rd7 Nf7
73. Ra7 Ng5+ 74. Ke3 Nh3 75. Ra6+ Kf7 76. Re6 Ng5 77. Rxe5 Kf6 78. Ra5 Nh7 79.
Kf4 Kf7 80. Ke5 Nf6 81. Ra7+ Kg8 82. Ra4 Kf7 83. Rb4 Kg8 84. Ke6 Kh7 85. Kf7
Ng8 86. Rb6 Nf6 87. Rxf6 1-0

[Event "Mittelfränkischer Schachkongress 2016"]
[Site "Nürnberg"]
[Date "2016.03.23"]
[Round "2.3"]
[White "Wawor, Gerhard"]
[Black "Faralisz, Patrick"]
[Result "1-0"]
[WhiteElo "1940"]
[BlackElo "1675"]
[PlyCount "59"]
[EventDate "2016.??.??"]
[WhiteTeam "SK Nürnberg"]
[BlackTeam "SC Noris-Tarrasch Nürnberg"]

1. d4 d5 2. c4 c6 3. cxd5 cxd5 4. Nc3 Nf6 5. Bf4 Nc6 6. e3 Bf5 7. Qb3 Na5 8.
Qa4+ Bd7 9. Qc2 a6 10. Bd3 e6 11. Nf3 Be7 12. O-O O-O 13. h3 Qb6 14. Ne5 Rfd8
15. g4 g6 16. Bg5 Be8 17. f4 Rac8 18. Qe2 Qd6 19. f5 exf5 20. Bf4 Qb4 21. gxf5
Nc4 22. Bxc4 dxc4 23. fxg6 hxg6 24. a3 Qb6 25. Rf3 Qe6 26. Raf1 Kg7 27. Qf2 Bc6
28. Nxc6 Rxc6 29. Be5 Rb6 30. Ne4 1-0

[Event "Mittelfränkischer Schachkongress 2016"]
[Site "Nürnberg"]
[Date "2016.03.23"]
[Round "2.4"]
[White "Burger, Thomas"]
[Black "Birkmann, Günther"]
[Result "1/2-1/2"]
[WhiteElo "1814"]
[BlackElo "2010"]
[PlyCount "112"]
[EventDate "2016.??.??"]
[WhiteTeam "Wolframs-Eschenbach"]
[BlackTeam "SK Zirndorf"]

1. d4 g6 2. c4 Bg7 3. Nc3 d6 4. e4 Nc6 5. Be3 e5 6. d5 Nce7 7. Bd3 f5 8. f3 Bh6
9. Bxh6 Nxh6 10. Qd2 Nf7 11. Nge2 O-O 12. O-O-O c5 13. Rdg1 a6 14. g4 f4 15. h4
Bd7 16. Kb1 Qa5 17. Nc1 b5 18. Nb3 Qb6 19. Qe2 bxc4 20. Bxc4 Rfb8 21. Rg2 a5
22. Nc1 a4 23. a3 Qa5 24. Ka2 h6 25. Rhh2 Nc8 26. Qf1 Na7 27. Qd3 Rb6 28. Rc2
Rab8 29. Rhd2 Nc8 30. Qf1 Qa7 31. Qd3 Nd8 32. Qe2 Qc7 33. Qf1 Na7 34. Nd3 Nb7
35. Nxe5 Kg7 36. Nxd7 Qxd7 37. Qe1 Na5 38. Bf1 Nb3 39. Rh2 Nd4 40. Rcf2 Qe8 41.
Qc1 Qe5 42. Nxa4 R6b7 43. Ba6 Re7 44. Nc3 Rc7 45. Ne2 Nxe2 46. Rxe2 Nb5 47.
Bxb5 Rxb5 48. Rc2 Rcb7 49. Qd2 Kf6 50. Qc3 Rxb2+ 51. Qxb2 Rxb2+ 52. Rxb2 Qc3
53. Rhf2 Qc4+ 54. Kb1 Qd3+ 55. Ka2 Qc4+ 56. Rb3 Ke5 1/2-1/2

[Event "Mittelfränkischer Schachkongress 2016"]
[Site "Nürnberg"]
[Date "2016.03.23"]
[Round "2.5"]
[White "Süß, Helmut"]
[Black "Diebel, Günter"]
[Result "0-1"]
[WhiteElo "1944"]
[BlackElo "1819"]
[PlyCount "58"]
[EventDate "2016.??.??"]
[WhiteTeam "SC Noris-Tarrasch Nürnberg"]
[BlackTeam "SW Nürnberg Süd"]

1. d4 d5 2. c4 Nf6 3. cxd5 Nxd5 4. e4 Nf6 5. Nc3 b6 6. Bc4 Bb7 7. f3 e6 8. Nge2
Nc6 9. Be3 Qd7 10. O-O O-O-O 11. a3 h5 12. b4 h4 13. Qc2 Rh5 14. Nf4 Nxd4 15.
Qf2 Rh7 16. Rfd1 e5 17. Nh3 Bd6 18. Ng5 Rh5 19. Qa2 h3 20. Bxf7 Rxg5 21. Bxg5
Kb8 22. Be3 hxg2 23. Bxd4 exd4 24. Be6 Qe8 25. Ne2 Qh5 26. Ng3 Bxg3 27. hxg3
Qxf3 28. Qxg2 Qe3+ 29. Kf1 Ba6+ 0-1

[Event "Mittelfränkischer Schachkongress 2016"]
[Site "Nürnberg"]
[Date "2016.03.23"]
[Round "2.6"]
[White "Petrashov, Alexander"]
[Black "Kotitschke, Karlheinz"]
[Result "0-1"]
[WhiteElo "1727"]
[BlackElo "1802"]
[PlyCount "138"]
[EventDate "2016.??.??"]
[WhiteTeam "SC Noris-Tarrasch Nürnberg"]
[BlackTeam "SK Rothenburg"]

1. d4 c5 2. d5 g6 3. e4 d6 4. Nf3 Bg7 5. Bd3 e5 6. Nc3 Ne7 7. Nd2 Bd7 8. Nc4
Nc8 9. a4 O-O 10. O-O Na6 11. Nb5 Be8 12. f4 Nc7 13. Na5 Nxb5 14. axb5 Qb6 15.
Nc4 Qc7 16. f5 f6 17. Qe2 Nb6 18. Bd2 Nxc4 19. Bxc4 g5 20. b3 b6 21. h4 Bh6 22.
Qe1 Qg7 23. hxg5 Bxg5 24. Bxg5 fxg5 25. Qg3 h5 26. Ra6 Rc8 27. Kf2 Rc7 28. Rh1
Rf6 29. Be2 Rh6 30. c4 Qf6 31. Rha1 Rhh7 32. b4 cxb4 33. Rb1 Rcg7 34. Qe3 g4
35. g3 h4 36. Rg1 hxg3+ 37. Rxg3 Rh2+ 38. Ke1 Qh4 39. Kd2 Rh3 40. Rxh3 gxh3 41.
Ra1 Rg3 42. Rg1 Rg2 43. Kd3 Qf4 44. Qxf4 exf4 45. Rf1 h2 46. Rh1 Rg3+ 47. Kd4
f3 48. Bd3 f2 49. e5 dxe5+ 50. Ke4 Bh5 51. Rxh2 Rxd3 52. Rxf2 Rc3 53. Kxe5 Rxc4
54. d6 Be8 55. Kf6 Bxb5 56. Rd2 a5 57. d7 Bxd7 58. Rxd7 Rc6+ 59. Ke5 b3 60. f6
b2 61. Rd1 a4 62. Kd5 Rxf6 63. Kc4 Rf3 64. Kb4 a3 65. Rg1+ Kf7 66. Ka4 a2 67.
Kb5 b1=Q+ 68. Rxb1 axb1=Q+ 69. Ka4 Qb3# 0-1

[Event "Mittelfränkischer Schachkongress 2016"]
[Site "Nürnberg"]
[Date "2016.03.23"]
[Round "2.7"]
[White "Rummel, Gerald"]
[Black "Meyer, Martin"]
[Result "1-0"]
[WhiteElo "1740"]
[BlackElo "799"]
[PlyCount "55"]
[EventDate "2016.??.??"]
[WhiteTeam "SC Anderssen"]
[BlackTeam "SC Stein"]

1. e4 e5 2. Nf3 Nc6 3. Bb5 Nf6 4. d3 Be7 5. Nc3 Nd4 6. Nxe5 Nxb5 7. Nxb5 d6 8.
Nf3 Bd7 9. Nc3 O-O 10. h3 c6 11. Be3 d5 12. e5 Ne8 13. d4 Nc7 14. Qd2 Nb5 15.
Nxb5 cxb5 16. O-O b4 17. Ne1 Bb5 18. Nd3 h6 19. f4 Qc8 20. f5 Bd7 21. f6 gxf6
22. exf6 Bxf6 23. Rxf6 Qe8 24. Raf1 b3 25. axb3 Qe7 26. Qf2 Be8 27. Qg3+ Kh7
28. Rxh6# 1-0

[Event "Mittelfränkischer Schachkongress 2016"]
[Site "Nürnberg"]
[Date "2016.03.23"]
[Round "2.8"]
[White "Homfeldt, Claudia Laura"]
[Black "Llugiq, Bajram"]
[Result "0-1"]
[WhiteElo "1549"]
[BlackElo "1668"]
[PlyCount "108"]
[EventDate "2016.??.??"]
[WhiteTeam "SC Noris-Tarrasch Nürnberg"]
[BlackTeam "SW Nürnberg Süd"]

1. e4 c5 2. Nc3 Nc6 3. d3 g6 4. Be3 b6 5. d4 cxd4 6. Bxd4 e5 7. Be3 Nf6 8. Bc4
Na5 9. Bd5 Bb7 10. Bg5 Be7 11. Bxf6 Bxf6 12. b4 Nc6 13. Nb5 Be7 14. Bxc6 Bxc6
15. Nd6+ Bxd6 16. Qxd6 Qe7 17. Qxe7+ Kxe7 18. f3 Rac8 19. Ne2 Bb5 20. Rc1 Rc7
21. Kd2 Rhc8 22. c3 Bxe2 23. Kxe2 Rxc3 24. Kd2 Rxc1 25. Rxc1 Rxc1 26. Kxc1 Ke6
27. Kd2 f5 28. Ke3 d5 29. exd5+ Kxd5 30. a3 e4 31. fxe4+ fxe4 32. g3 h5 33. h3
b5 34. h4 Ke5 35. Ke2 Kd4 36. Kd2 e3+ 37. Ke2 Ke4 38. Ke1 Kf3 39. Kf1 e2+ 40.
Ke1 a6 41. Kd2 Kf2 42. Kc2 e1=Q 43. Kd3 Qe3+ 44. Kc2 Qxa3 45. Kb1 Qxb4+ 46. Kc2
Qa3 47. Kb1 Kxg3 48. Kc2 b4 49. Kb1 Qf3 50. Kc2 Qc3+ 51. Kb1 Qd2 52. Ka1 b3 53.
Kb1 Qc2+ 54. Ka1 Qc1# 0-1

[Event "Mittelfränkischer Schachkongress 2016"]
[Site "Nürnberg"]
[Date "2016.03.23"]
[Round "2.9"]
[White "Weißmann, Peter"]
[Black "Friedrich, Michael"]
[Result "1-0"]
[WhiteElo "1801"]
[BlackElo "1515"]
[PlyCount "79"]
[EventDate "2016.??.??"]
[WhiteTeam "SK Zirndorf"]
[BlackTeam "SC Erlangen"]

1. e4 e5 2. d4 exd4 3. Bc4 Bb4+ 4. c3 dxc3 5. bxc3 Qf6 6. Bb2 Nc6 7. Qc2 Ba5 8.
Nf3 Nd4 9. Qd3 Nxf3+ 10. gxf3 d6 11. Nd2 Be6 12. Bxe6 Qxe6 13. Qb5+ Qd7 14.
Qxa5 Ne7 15. c4 f6 16. Rg1 Ng6 17. Qb5 c6 18. Qh5 O-O-O 19. Qg4 Rhe8 20. Qxd7+
Rxd7 21. O-O-O Nf4 22. Kc2 h5 23. h4 d5 24. cxd5 cxd5 25. Kb1 d4 26. Nc4 b5 27.
Na5 Ne2 28. Rge1 d3 29. Nb3 b4 30. Nc5 Nc3+ 31. Bxc3 bxc3 32. Rxd3 Rc7 33. Rd5
Rc6 34. Kc2 Re5 35. Rxe5 fxe5 36. Na4 Rf6 37. Re3 Kd8 38. Nxc3 Rf4 39. Rd3+ Ke7
40. Nd5+ 1-0

[Event "Mittelfränkischer Schachkongress 2016"]
[Site "Nürnberg"]
[Date "2016.03.23"]
[Round "2.10"]
[White "Chowdhury, Sandip"]
[Black "Grasser, Stefan"]
[Result "0-1"]
[WhiteElo "1593"]
[BlackElo "1767"]
[PlyCount "58"]
[EventDate "2016.??.??"]
[WhiteTeam "SC Noris-Tarrasch Nürnberg"]
[BlackTeam "Zabo-Eintracht Nürnberg"]

1. e4 c5 2. Nc3 d6 3. f4 e6 4. Nf3 g6 5. Bb5+ Nc6 6. Bxc6+ bxc6 7. O-O Bg7 8.
Qe1 Ne7 9. d3 a5 10. Qh4 Ba6 11. f5 gxf5 12. Bh6 Bxh6 13. Qxh6 Kd7 14. e5 Ng6
15. exd6 Kxd6 16. Rad1 Qf6 17. Ng5 Qd4+ 18. Kh1 Ra7 19. Nf3 Qf4 20. Qg7 Re7 21.
g3 Qg4 22. Ne5 Qd4 23. Rf2 Qxe5 24. Qf6 Qxf6 25. Ne4+ fxe4 26. Rxf6 exd3 27.
cxd3 Rb8 28. b3 Rb4 29. Rd2 Ne5 0-1

[Event "Mittelfränkischer Schachkongress 2016"]
[Site "Nürnberg"]
[Date "2016.03.23"]
[Round "2.11"]
[White "Müller, Ludwig"]
[Black "Dreiseitel, Ursula"]
[Result "1-0"]
[WhiteElo "1843"]
[BlackElo "1487"]
[PlyCount "83"]
[EventDate "2016.??.??"]
[WhiteTeam "SGem Nürnberg"]
[BlackTeam "SGem Fürth"]

1. Nf3 d5 2. b3 e6 3. Bb2 Nf6 4. e3 c5 5. Bb5+ Bd7 6. Qe2 a6 7. Bxd7+ Nbxd7 8.
O-O Bd6 9. c4 O-O 10. d4 dxc4 11. Qxc4 b5 12. Qe2 Rc8 13. Nbd2 Nd5 14. Rfc1
N7f6 15. dxc5 Bxc5 16. a3 Qb6 17. b4 Bd6 18. Bd4 Qb7 19. Ng5 e5 20. Bb2 Nd7 21.
Qd3 N7f6 22. Nde4 Qe7 23. Nxd6 Qxd6 24. e4 h6 25. Nf3 Nxe4 26. Qxe4 Nf6 27.
Qxe5 Rcd8 28. Qxd6 Rxd6 29. Bxf6 Rxf6 30. Rd1 Rc8 31. Rac1 Re8 32. Kf1 Rfe6 33.
Re1 Rxe1+ 34. Rxe1 Rc8 35. g3 Rc3 36. Re3 Rc2 37. Ne5 f6 38. Nd7 Rc8 39. Nc5 a5
40. Re7 axb4 41. axb4 Rd8 42. Rd7 1-0

[Event "Mittelfränkischer Schachkongress 2016"]
[Site "Nürnberg"]
[Date "2016.03.23"]
[Round "2.12"]
[White "Münzenberg, Dietrich"]
[Black "Hauck, Martin"]
[Result "0-1"]
[WhiteElo "1692"]
[BlackElo "1087"]
[PlyCount "94"]
[EventDate "2016.??.??"]
[WhiteTeam "Zabo-Eintracht Nürnberg"]
[BlackTeam "SC Noris-Tarrasch Nürnberg"]

1. d4 d5 2. Bg5 Nc6 3. c3 f6 4. Bh4 Bd7 5. Nd2 e6 6. e4 Qe7 7. e5 O-O-O 8. f4
Qf7 9. Bd3 Be7 10. Ngf3 Nh6 11. Rf1 Nf5 12. Bf2 Rdg8 13. g4 Nh6 14. h3 Qf8 15.
Bg3 Nf7 16. Qe2 a6 17. O-O-O Nb8 18. Kb1 Nd8 19. Rc1 f5 20. gxf5 exf5 21. c4
Qf7 22. cxd5 Qxd5 23. Bc4 Qa5 24. Nb3 Qa4 25. Bxg8 Rxg8 26. Rfd1 Bb5 27. Qc2
Ndc6 28. d5 Rd8 29. Qxf5+ Rd7 30. dxc6 Bxc6 31. Nfd4 g6 32. Qc2 Bd5 33. Qxc7+
Rxc7 34. Rxc7+ Kxc7 35. Rc1+ Nc6 36. f5 Be4+ 37. Ka1 gxf5 38. Ne6+ Kb8 39. Nec5
Bxc5 40. e6+ Ka8 41. Nxc5 Qd4 42. Bc7 Qe3 43. Nb3 Bd5 44. Rc3 Qe1+ 45. Nc1 Bxe6
46. Bb6 f4 47. b4 Qxc3+ 0-1

[Event "Mittelfränkischer Schachkongress 2016"]
[Site "Nürnberg"]
[Date "2016.03.23"]
[Round "2.13"]
[White "Homfeldt, Maren"]
[Black "Meyer, Robert"]
[Result "0-1"]
[WhiteElo "1306"]
[BlackElo "1611"]
[PlyCount "124"]
[EventDate "2016.??.??"]
[WhiteTeam "SC Noris-Tarrasch Nürnberg"]
[BlackTeam "SC Stein"]

1. g3 d5 2. h3 b6 3. Bg2 Bb7 4. e3 Nf6 5. Ne2 g6 6. b3 Bg7 7. Bb2 O-O 8. O-O
Nbd7 9. d3 c6 10. Kh2 e5 11. Nd2 Qc7 12. e4 Rad8 13. Ba3 Rfe8 14. Bb2 Nf8 15.
f4 exf4 16. gxf4 dxe4 17. Be5 Qd7 18. Nxe4 Nxe4 19. Bxg7 Kxg7 20. Bxe4 f5 21.
Bf3 Re3 22. Ng1 Rde8 23. Rf2 Qd6 24. Bg2 Ne6 25. Ne2 Bc8 26. Qd2 Nd4 27. Nxd4
Qxd4 28. Bxc6 Qxa1 29. Bxe8 Rxe8 30. Re2 Rxe2+ 31. Qxe2 Qf6 32. Qe8 Qe6 33.
Qxe6 Bxe6 34. Kg3 Kf6 35. h4 h6 36. a3 Ke7 37. Kf3 Kd6 38. Ke3 a5 39. Kd4 Bd7
40. Kc4 Be8 41. a4 g5 42. hxg5 hxg5 43. Kd4 g4 44. Ke3 b5 45. axb5 Bxb5 46. d4
a4 47. bxa4 Bxa4 48. c3 Kd5 49. Kf2 Kc4 50. Kg3 Kxc3 51. d5 Kd4 52. d6 Kd5 53.
Kh4 Kxd6 54. Kg3 Kd5 55. Kh4 Ke4 56. Kg3 Ke3 57. Kh2 Kxf4 58. Kg2 Bc6+ 59. Kf2
g3+ 60. Kf1 Kg4 61. Kg1 Kh3 62. Kf1 Kh2 0-1

[Event "Mittelfränkischer Schachkongress 2016"]
[Site "Nürnberg"]
[Date "2016.03.23"]
[Round "2.14"]
[White "Dreiseitel, Werner"]
[Black "Nam, Siwon"]
[Result "1-0"]
[WhiteElo "1583"]
[BlackElo "964"]
[PlyCount "57"]
[EventDate "2016.??.??"]
[WhiteTeam "SGem Fürth"]
[BlackTeam "SC Noris-Tarrasch Nürnberg"]

1. d4 d5 2. c4 Nf6 3. Nc3 c6 4. Bf4 Nbd7 5. Nf3 Nb6 6. c5 Nc4 7. Qc2 g6 8. e3
Bf5 9. Qb3 Na5 10. Qa4 b5 11. Qd1 Ne4 12. Rc1 Nxc3 13. Rxc3 b4 14. Rc1 e6 15.
h3 h6 16. Ne5 g5 17. Bh2 Bg7 18. Qa4 Bxe5 19. Bxe5 Rf8 20. Bd6 Rg8 21. Qxb4 a6
22. Qa4 Rc8 23. Bxa6 Ra8 24. Be2 Nc4 25. Qxc6+ Qd7 26. Qxa8+ Qd8 27. Qxd8+ Kxd8
28. Bxc4 dxc4 29. Rxc4 1-0

[Event "Mittelfränkischer Schachkongress 2016"]
[Site "Nürnberg"]
[Date "2016.03.24"]
[Round "3.1"]
[White "Rummel, Gerald"]
[Black "Konsek, Peter"]
[Result "0-1"]
[WhiteElo "1740"]
[BlackElo "2085"]
[PlyCount "80"]
[EventDate "2016.??.??"]
[WhiteTeam "SC Anderssen"]
[BlackTeam "SW Nürnberg Süd"]

1. Nf3 f5 2. c4 Nf6 3. Nc3 g6 4. g3 Bg7 5. Bg2 O-O 6. O-O d6 7. d4 Qe8 8. d5 a5
9. Rb1 Na6 10. b3 h6 11. Nd4 Nc5 12. Ncb5 Qd8 13. Bb2 Bd7 14. a3 Rc8 15. Na7
Rb8 16. Nab5 e5 17. dxe6 Nxe6 18. Nxe6 Bxe6 19. Nc3 c6 20. Qd2 Qc7 21. e4 Rbd8
22. Bh3 Qd7 23. exf5 Bxf5 24. Bxf5 Qxf5 25. Ne2 Ne4 26. Qf4 Qxf4 27. Nxf4 Rxf4
28. gxf4 Nd2 29. Bxg7 Kxg7 30. Rbd1 Nxf1 31. Kxf1 Kf6 32. Kg2 d5 33. Rd3 d4 34.
b4 Kf5 35. Kf3 b6 36. c5 bxc5 37. bxc5 a4 38. h3 Rd5 39. h4 h5 40. Ke2 Kxf4 0-1

[Event "Mittelfränkischer Schachkongress 2016"]
[Site "Nürnberg"]
[Date "2016.03.24"]
[Round "3.2"]
[White "Diebel, Günter"]
[Black "Wawor, Gerhard"]
[Result "1-0"]
[WhiteElo "1819"]
[BlackElo "1940"]
[PlyCount "83"]
[EventDate "2016.??.??"]
[WhiteTeam "SW Nürnberg Süd"]
[BlackTeam "SK Nürnberg"]

1. e4 e6 2. Nf3 d5 3. exd5 exd5 4. d4 Bd6 5. Bd3 Bg4 6. h3 Bh5 7. g4 Bg6 8. h4
Bxd3 9. Qxd3 Nc6 10. a3 Qd7 11. g5 Nge7 12. Be3 O-O-O 13. Nc3 Nf5 14. O-O-O
Nxe3 15. fxe3 Ne7 16. Nb5 Kb8 17. Nxd6 cxd6 18. Kb1 Qg4 19. Nd2 Rde8 20. Rdg1
Qe6 21. Rf1 h6 22. e4 Nc6 23. exd5 Qxd5 24. gxh6 Rxh6 25. c4 Qg2 26. Kc2 Qg4
27. Nf3 Rhe6 28. Rhg1 Re2+ 29. Kb1 Qh3 30. Ne5 Qxd3+ 31. Nxd3 Nxd4 32. Rxf7 Ne6
33. Nf4 Rf2 34. Rg4 Nc5 35. Rfxg7 Re1+ 36. Ka2 Rff1 37. Rg8+ Kc7 38. Nd5+ Kc6
39. Rc8+ Kd7 40. Rc7+ Ke6 41. Re7+ Kf5 42. Rg5# 1-0